| 000 | 00537nam a22001577a 4500 | ||
|---|---|---|---|
| 005 | 20180823143749.0 | ||
| 020 |
_a8170004373 _c700.00 |
||
| 035 | _aB-220100, B-220083, B-220106, B-220094 | ||
| 037 |
_aDPL _bENG |
||
| 100 | _aLal, C | ||
| 245 |
_aUnderstanding basics of library and information science : _b(For B.Lib.Sc. examination) / _cby C. Lal and K. Kumar |
||
| 260 |
_aNew Delhi _bEss Ess Publications _c2005 |
||
| 300 |
_avarious pages _c18 cms. |
||
| 700 |
_aKumar, K. _942795 |
||
| 942 |
_2ddc _cEN _h025.52 _mLAL |
||
| 999 |
_c63311 _d63311 |
||